00450nam a22001697a 450000500170000001000150001702000270003203500140005903700090007308200160008210000200009824500570011825000060017526000360018127000430021730000200026020250403144142.0 aENG-144465 a9789393272126c1500.00 aEN-127997 bDBAD a781.6291499 aBhardwaj, Neetu aEvolution of Indian Classical Music/cNeetu Bhardwaj a1 aUttar Pradeshc2022bA.J. Books aA-41, Sector-27bUttar Pradeshe201301 a264p.c24cm(hb)